=LDR 00000nam 2200000 4500 =001 INLIS000000000008609 =005 20130612100447 =008 ***********************************Ind** =035 ##$$0010-061300000008609 =041 ##$$a Ind =082 ##$$a 297 =090 ##$$a 297, Bak p =100 ##$$a Bakry =245 ##$$a Pelajaran Hadis, H.M.K.Bakry =260 ##$$a 1961 $b Jakarta =300 ##$$a 118 hlm, 21 cm =650 ##$$a Hadis